Statistics for Guess the Lana Del Rey song

Click here to take the quiz!

General Stats

  • This quiz has been taken 63 times
  • The average score is 8 of 15

Answer Stats

HintAnswer% Correct
"The party is December 18"Margaret
81%
"I f***ed up, I know that, but Jesus"Mariners Apartment Complex
79%
"He knows me every inch of my tart-black soul"Off To The Races
72%
"Now it's been years since I left New York"How To Disappear
66%
"There's a picture on the wall"Blue Banisters
53%
"I fell for another loser"In My Feelings
53%
"We were two kids just tryna get out"Without You
53%
"Cause if you're on fire, you're on fire, just keep burning"Thunder
52%
"_________________, let me hold you like a baby"Let Me Love You Like A Woman
50%
"Doesn't matter if I'm not enough for the future and the things to come"Love
45%
"Singing soft-grunge just to soak up the noise"Music To Watch Boys To
38%
"It's beautiful how this deep normality settles all over me"Chemtrails Over The Country Club
33%
"Didn't anyone ever tell you it's okay to shine?"Bel Air
29%
"I'm feeling scared and you know it"Burning Desire
29%
"I drive somewhere out of range, I don't know where"Candy Necklace
24%

Score Distribution

Percentile by Number Answered

Percent of People with Each Score

Your Score History

You have not taken this quiz